000 01076nam a2200241Ia 4500
003 GCL
008 140319s9999 xx 000 0 ara d
020 _a10249834
040 _aGCL /
_cGCL
082 0 4 _aد
_b050
_bم م
245 1 0 _aالمستقبل العربى ( سبتمبر 2006 - العدد 331 )
250 _aالاولى
260 _aبيروت :
_bمركز دراسات الوحدة العربية ،
_c2006
650 0 4 _aالاسلام والسياسة
650 0 4 _aفلسطين - الاحوال السياسية
650 0 4 _aالاسلام والغرب
650 0 4 _aالعراق - تاريخ - العصر الحديث - الاحتلال الامريكي
650 0 4 _aالقضية الفلسطينية - الولايات المتحدة الامريكية
650 0 4 _aالحصار العسكرى - فلسطين
650 0 4 _aلبنان - تاريخ - العصر الحديث - العدوان الاسرائيلى
650 0 4 _aالمؤتمر القومى العربى حول الحرب الاسرائيلية على لبنان
942 _2ddc
_cCR
999 _c8851
_d8851